[Event "Hazel Park (MCO/6/21)"]
[Site "?"]
[Date "1987.??.??"]
[Round "?"]
[White "Falkowski, Kenneth"]
[Black "Levadi, David"]
[Result "0-1"]
[WhiteElo "1670"]
[BlackElo "1800"]
[PlyCount "104"]
[EventDate "1987.??.??"]

{6/(21)} 1. d4 Nf6 2. c4 d5 3. Nc3 c5 4. cxd5 Nxd5 5. e4 Nxc3 6. bxc3 g6 7. Ne2
Bg7 8. g3 O-O 9. Bg2 Nc6 10. Be3 cxd4 11. cxd4 Bg4 12. f3 Bd7 13. O-O Qa5 14.
Bd2 Qa3 15. Bc3 Rfd8 16. Qb3 Qa6 17. Rfe1 Rab8 18. Rad1 b5 19. Bf1 Qb6 20. Kg2
b4 21. Ba1 Na5 22. Qb1 Ba4 23. Rd2 Nc4 24. Rd3 a5 25. d5 Ne3+ 26. Kh1 Bc2 27.
Qc1 Bxd3 28. Bxg7 Kxg7 29. Nf4 Bxf1 30. Rxe3 Bb5 31. Qb2+ Kg8 32. Re1 Rbc8 33.
Ng2 Rc3 34. f4 Qc5 35. f5 Rc2 36. Qe5 Qd6 37. Qd4 gxf5 38. Ne3 e5 39. Qd1 Rc7
40. Nxf5 Qg6 41. h4 Kf8 42. Rg1 Bd7 43. g4 Bxf5 44. gxf5 Qh6 45. Qg4 Ke7 46.
Qg3 Kf6 47. Qf2 Rd6 48. Rg8 Qf4 49. Qe1 Qf3+ 50. Rg2 Rc2 51. Qg1 Qxe4 52. Qf1
Qxg2+ 0-1

[Event "Hazel Park (MCO/4/22)"]
[Site "?"]
[Date "1987.??.??"]
[Round "?"]
[White "Falkowski, Kenneth"]
[Black "Haakonstad, Olaf"]
[Result "1-0"]
[WhiteElo "1620"]
[BlackElo "1835"]
[PlyCount "111"]
[EventDate "1987.??.??"]

{4/(22)} 1. d4 Nf6 2. c4 e6 3. Nc3 Bb4 4. Qc2 Nc6 5. Nf3 b6 6. Bg5 Be7 7. e3 h6
8. Bxf6 Bxf6 9. a3 Bb7 10. Bd3 O-O 11. O-O-O Ne7 12. Ne4 Bxe4 13. Bxe4 d5 14.
Bd3 c5 15. Kb1 cxd4 16. cxd5 Rc8 17. Qa4 Nxd5 18. Nxd4 Bxd4 19. Qxd4 Qe7 20.
Ba6 Rc7 21. Rc1 Rd8 22. Qa4 Rcd7 23. Rhd1 Nc7 24. Rxd7 Rxd7 25. Bf1 a5 26. Qc6
Nd5 27. e4 Nc7 28. Qxb6 Qd8 29. Qxa5 Rd1 30. Qxc7 Qxc7 31. Rxd1 Qxh2 32. b4 Qf4
33. f3 Qe3 34. Kb2 h5 35. b5 h4 36. a4 h3 37. gxh3 Qxf3 38. Rd8+ Kh7 39. Bd3 e5
40. Rd5 Qd1 41. Bc2 Qg1 42. a5 Qa7 43. b6 Qe7 44. Kb3 f5 45. a6 Qe6 46. b7 Qb6+
47. Kc3 f4 48. Bd3 f3 49. Rxe5 f2 50. Rb5 Qc6+ 51. Kb2 Qf6+ 52. e5+ Qg6 53.
Bxg6+ Kxg6 54. b8=Q f1=Q 55. Qe8+ Kg5 56. e6+ 1-0

[Event "Hazel Park (MCO/2/44)"]
[Site "?"]
[Date "1987.??.??"]
[Round "?"]
[White "Falkowski, Kenneth"]
[Black "Brewer, R.."]
[Result "1-0"]
[WhiteElo "1620"]
[BlackElo "1605"]
[PlyCount "71"]
[EventDate "1987.??.??"]

{2/(44)} 1. d4 Nf6 2. c4 c5 3. d5 b5 4. Nc3 b4 5. Nb1 d6 6. g3 Na6 7. Bd2 Qb6
8. a4 e6 9. Bg5 Be7 10. b3 Bb7 11. e4 Qc7 12. Bd3 e5 13. f4 h6 14. Bxf6 Bxf6
15. f5 Qe7 16. Nf3 Nc7 17. Qe2 a5 18. h4 O-O-O 19. Nbd2 Rdg8 20. g4 g5 21. fxg6
Rxg6 22. O-O-O Kb8 23. Rdg1 Bc8 24. g5 Bg7 25. h5 Rxg5 26. Nxg5 hxg5 27. Qg2
Bh6 28. Be2 Bd7 29. Bg4 Be8 30. Rf1 Na8 31. Qf3 Nb6 32. Qf6 Qf8 33. Qd8+ Ka7
34. Rf6 Qg7 35. Rxd6 Nxa4 36. Qc7+ 1-0

[Event "Lansing (MI Op/1b/17)"]
[Site "?"]
[Date "1987.??.??"]
[Round "?"]
[White "Everett, Morgan"]
[Black "Moore, Robert"]
[Result "1-0"]
[WhiteElo "2060"]
[BlackElo "1805"]
[PlyCount "63"]
[EventDate "1987.??.??"]

1. e4 c5 2. Nf3 d6 3. d4 cxd4 4. Nxd4 Nf6 5. Nc3 a6 6. f4 e6 7. Be2 Be7 8. O-O
O-O 9. a4 Nc6 10. Nb3 Qc7 11. Be3 Bd7 12. a5 Nb4 13. Bf3 Bc6 14. Nd4 e5 15.
Nxc6 Nxc6 16. Bb6 Qc8 17. f5 Qd7 18. Qd2 Bd8 19. Na4 Bc7 20. Rfd1 Rad8 21. Qc3
Ne8 22. b4 Qe7 23. Be3 Bb8 24. Qb3 Nc7 25. c4 Na8 26. Nc3 Nc7 27. Kh1 Ba7 28.
Bxa7 Nxa7 29. b5 Ne8 30. Nd5 Qg5 31. bxa6 bxa6 32. Qb7 1-0

[Event "East Detroit (MEX/4)"]
[Site "?"]
[Date "1987.??.??"]
[Round "?"]
[White "Everett, Morgan"]
[Black "Kitts, Gary"]
[Result "1-0"]
[WhiteElo "2010"]
[BlackElo "2115"]
[PlyCount "73"]
[EventDate "1987.??.??"]

1. e4 Nf6 2. e5 Nd5 3. Bc4 Nb6 4. Bb3 c5 5. c3 c4 6. Bc2 Nc6 7. Nf3 g6 8. d4
cxd3 9. Bxd3 d5 10. Bf4 Bg7 11. Nbd2 O-O 12. h3 Qc7 13. Qe2 Nd7 14. O-O Ndxe5
15. Kh1 f6 16. c4 d4 17. Be4 Qb6 18. Nxe5 Nxe5 19. b4 Nf7 20. c5 Qxb4 21. c6 e5
22. Rab1 Qa4 23. cxb7 Bxb7 24. Bxb7 Rab8 25. Bg3 Qxa2 26. Ra1 Qc2 27. Be4 Qc7
28. Rfc1 Qe7 29. Nc4 f5 30. Bd5 Rfe8 31. Re1 d3 32. Qe3 d2 33. Qxd2 Rbd8 34.
Qa5 e4 35. Rad1 Kf8 36. Bxf7 Kxf7 37. Nd6+ 1-0

[Event "Lansing (MI Op/7/5)"]
[Site "?"]
[Date "1987.??.??"]
[Round "?"]
[White "Everett, Morgan"]
[Black "Cooper, T.."]
[Result "1/2-1/2"]
[WhiteElo "2060"]
[BlackElo "2200"]
[PlyCount "47"]
[EventDate "1987.??.??"]

{7/(5)} 1. e4 c6 2. d4 d5 3. Nc3 dxe4 4. Nxe4 Nd7 5. Nf3 Ngf6 6. Nxf6+ Nxf6 7.
Ne5 Be6 8. Be2 g6 9. O-O Bg7 10. c3 O-O 11. Nd3 Bc4 12. Bg5 Bxd3 13. Qxd3 Qc7
14. Rad1 Qa5 15. Bxf6 Bxf6 16. Qb1 Rad8 17. Rd3 Rd6 18. a3 Rfd8 19. Re3 Qc7 20.
Bf3 e6 21. Qe4 Bg5 22. Rd3 Bf6 23. Rfd1 Bg7 24. g3 1/2-1/2

[Event "Lansing (MI Op/5/8)"]
[Site "?"]
[Date "1987.??.??"]
[Round "?"]
[White "Everett, Morgan"]
[Black "Baudry, Pascal"]
[Result "1/2-1/2"]
[WhiteElo "2060"]
[BlackElo "2160"]
[PlyCount "79"]
[EventDate "1987.??.??"]

{5/(8)} 1. e4 e5 2. Nf3 Nc6 3. d4 exd4 4. Bc4 Nf6 5. O-O Nxe4 6. Re1 d5 7. Bxd5
Qxd5 8. Nc3 Qa5 9. Nxe4 Be6 10. Bg5 Bb4 11. Re2 O-O 12. a3 Be7 13. Bxe7 Nxe7
14. Qxd4 Rad8 15. Qc5 Qa6 16. Ree1 Nd5 17. Rad1 Qb6 18. h3 Qxc5 19. Nxc5 Nf4
20. Rd4 Rxd4 21. Nxd4 Bd5 22. f3 b6 23. Ne4 Ne6 24. Nf5 Re8 25. Kf2 Kf8 26. g3
Rd8 27. Nc3 Bc6 28. h4 Rd2+ 29. Re2 Rd7 30. Ne4 Bb5 31. Rd2 Rxd2+ 32. Nxd2 g6
33. Ne3 Bc6 34. Nb3 a5 35. Nd2 Ke7 36. f4 Nc5 37. Nec4 f6 38. b4 axb4 39. axb4
Ne6 40. Ke3 1/2-1/2

[Event "East Detroit (MEX/2)"]
[Site "?"]
[Date "1987.??.??"]
[Round "?"]
[White "Everett, Morgan"]
[Black "Baudry, Pascal"]
[Result "1/2-1/2"]
[WhiteElo "2010"]
[BlackElo "2180"]
[PlyCount "89"]
[EventDate "1987.??.??"]

1. e4 e5 2. Nf3 Nc6 3. Bc4 Nf6 4. d3 d5 5. exd5 Nxd5 6. Nc3 Bb4 7. O-O Nxc3 8.
bxc3 Bxc3 9. Ng5 Qe7 10. Bxf7+ Kf8 11. Rb1 Bd4 12. Qf3 Qf6 13. Ba3+ Ne7 14. Bc4
Ke8 15. Qxf6 gxf6 16. Ne4 Rf8 17. Kh1 a6 18. c3 Ba7 19. f4 b5 20. Bb3 f5 21.
Nc5 Rf6 22. fxe5 Rg6 23. Rbe1 a5 24. Bd1 b4 25. cxb4 axb4 26. Bxb4 Bxc5 27.
Bxc5 Rxa2 28. Bh5 Raxg2 29. Bxg6+ Rxg6 30. Rb1 Be6 31. h4 Bd5+ 32. Kh2 Rg2+ 33.
Kh3 Ng6 34. Rf2 Rg4 35. Rb4 Kd7 36. Rxg4 fxg4+ 37. Kxg4 Nxe5+ 38. Kg5 Nxd3 39.
Rd2 Be4 40. Be3 Kd6 41. Rxd3+ Bxd3 42. Kf4 c5 43. Bc1 Kd5 44. Ke3 Kc4 45. Kd2
1/2-1/2

[Event "Lansing (MI Op/3/21)"]
[Site "?"]
[Date "1987.??.??"]
[Round "?"]
[White "Everett, Morgan"]
[Black "Almquist, W.."]
[Result "1-0"]
[WhiteElo "2060"]
[BlackElo "1890"]
[PlyCount "62"]
[EventDate "1987.??.??"]

{3/(21)} 1. e4 c5 2. d4 cxd4 3. Nf3 d6 4. Nxd4 Nf6 5. Nc3 a6 6. Bg5 e6 7. f4
Nbd7 8. Bc4 Be7 9. Qe2 Qc7 10. O-O-O Nb6 11. Bb3 h6 12. Bh4 Nxe4 13. Nxe4 Bxh4
14. Nf5 d5 15. g3 O-O 16. Nxh4 dxe4 17. Qxe4 Bd7 18. Rhe1 Rac8 19. f5 Bc6 20.
Qe5 Qxe5 21. Rxe5 Nd7 22. Re3 exf5 23. Nxf5 Kh7 24. Nd6 Rc7 25. Re7 Bf3 26. Rf1
Bh5 27. Nxf7 Bg6 28. Ng5+ hxg5 29. Rxf8 Nxf8 30. Rxc7 Be4 31. c3 Ng6 1-0

[Event "Hazel Park (MCO/3/39)"]
[Site "?"]
[Date "1987.??.??"]
[Round "?"]
[White "Endres, John"]
[Black "Turner, Darrell"]
[Result "0-1"]
[WhiteElo "1605"]
[BlackElo "1905"]
[PlyCount "56"]
[EventDate "1987.??.??"]

{3/(39)} 1. e4 c6 2. d4 d5 3. e5 Bf5 4. Bd3 Bxd3 5. Qxd3 e6 6. Ne2 Nd7 7. Be3
Ne7 8. O-O Nf5 9. Nd2 Be7 10. f4 c5 11. c3 c4 12. Qb1 Nxe3 13. Rf3 Nf5 14. g4
Nh4 15. Rh3 Qb6 16. Ng3 g6 17. b3 cxb3 18. axb3 Rc8 19. Ne2 a6 20. Nf3 Nxf3+
21. Rxf3 h5 22. h3 hxg4 23. hxg4 Rh4 24. Kf2 Rh2+ 25. Ke3 Nxe5 26. fxe5 Bg5+
27. Kd3 Qb5+ 28. c4 dxc4+ 0-1

[Event "Hazel Park (MCO/6/25)"]
[Site "?"]
[Date "1987.??.??"]
[Round "?"]
[White "Endres, John"]
[Black "Stefanski, Mark"]
[Result "0-1"]
[WhiteElo "1605"]
[BlackElo "1805"]
[PlyCount "44"]
[EventDate "1987.??.??"]

{6/(25)} 1. e4 e6 2. d4 d5 3. Nd2 b6 4. f4 dxe4 5. Nxe4 Bb7 6. Bd3 f5 7. Ng5
Bxg2 8. Qe2 Bxh1 9. Qxe6+ Qe7 10. Bxf5 Bd5 11. Qxe7+ Bxe7 12. Be6 Bxg5 13. Bxd5
Bh4+ 14. Ke2 c6 15. Be6 Nd7 16. Nf3 Bf6 17. f5 O-O-O 18. Bf4 Ne7 19. c4 Kb7 20.
d5 cxd5 21. cxd5 Nc5 22. Rc1 Nxd5 0-1

[Event "Hazel Park (MCO/5/36)"]
[Site "?"]
[Date "1987.??.??"]
[Round "?"]
[White "Endres, John"]
[Black "Collins, Charles"]
[Result "1-0"]
[WhiteElo "1605"]
[BlackElo "1700"]
[PlyCount "67"]
[EventDate "1987.??.??"]

{5/(36)} 1. e4 c5 2. Nf3 d6 3. Nc3 g6 4. Bc4 Nc6 5. d3 Bg7 6. O-O Bg4 7. h3 Bd7
8. Ng5 Ne5 9. Bb3 h6 10. f4 hxg5 11. fxe5 e6 12. exd6 Bd4+ 13. Kh1 f5 14. exf5
gxf5 15. Bxe6 Bxe6 16. Qe2 Kd7 17. Nb5 g4 18. Nxd4 cxd4 19. Qe5 Qh4 20. Qg7+
Kc6 21. Qc7+ Kd5 22. c4+ Ke5 23. d7+ Kf6 24. d8=Q+ Rxd8 25. Qxd8+ Ne7 26. Bg5+
Qxg5 27. Qxh8+ Kg6 28. hxg4 Qxg4 29. Qe8+ Kf6 30. Qf8+ Bf7 31. Rae1 Ng6 32.
Qd6+ Kg7 33. Qh2 Nh4 34. Rf4 1-0

[Event "Hazel Park (MCO/4/8)"]
[Site "?"]
[Date "1987.??.??"]
[Round "?"]
[White "Eagle, Chris"]
[Black "Thomas, C.."]
[Result "0-1"]
[WhiteElo "1975"]
[BlackElo "2130"]
[PlyCount "42"]
[EventDate "1987.??.??"]

{4/(8)} 1. d4 Nf6 2. c4 g6 3. Nc3 Bg7 4. e4 d6 5. f4 O-O 6. Nf3 c5 7. d5 e6 8.
Be2 exd5 9. cxd5 Re8 10. O-O Nxe4 11. Nxe4 Rxe4 12. Bd3 Re8 13. f5 c4 14. fxg6
hxg6 15. Bxc4 Qc7 16. Bb3 Nd7 17. h4 Nf6 18. Ng5 Bg4 19. Qd4 Ne4 20. Qe3 Nc3
21. Qd2 Ne2+ 0-1

[Event "Hazel Park (MCO/1/26)"]
[Site "?"]
[Date "1987.??.??"]
[Round "?"]
[White "Eagle, Chris"]
[Black "Serwatowski, Felix"]
[Result "1-0"]
[WhiteElo "1975"]
[BlackElo "1605"]
[PlyCount "65"]
[EventDate "1987.??.??"]

{1/(26)} 1. d4 Nf6 2. c4 c5 3. d5 g6 4. Nc3 d6 5. e4 Nbd7 6. f4 Qc7 7. Nf3 Bg7
8. Be2 Nb6 9. O-O Bg4 10. Ng5 Bxe2 11. Qxe2 h6 12. Nb5 Qb8 13. e5 hxg5 14. exf6
Bxf6 15. fxg5 Bg7 16. Bf4 Nc8 17. Rae1 Bf8 18. b4 a6 19. Nxd6+ Nxd6 20. bxc5
Qa7 21. Bxd6 b6 22. Bxe7 Bxe7 23. d6 O-O-O 24. Rxf7 bxc5 25. Rxe7 Qb6 26. Qe4
Rxd6 27. Rb1 Qc6 28. Qg4+ Rd7 29. Rxd7 Qxd7 30. Rb8+ Kc7 31. Rb7+ Kxb7 32.
Qxd7+ Kb8 33. Qd6+ 1-0

[Event "Hazel Park (MCO/6/13)"]
[Site "?"]
[Date "1987.??.??"]
[Round "?"]
[White "Eagle, Chris"]
[Black "Kulbacki, James"]
[Result "1-0"]
[WhiteElo "1975"]
[BlackElo "2130"]
[PlyCount "53"]
[EventDate "1987.??.??"]

{6/(13)} 1. d4 e6 2. c4 f5 3. Nc3 Nf6 4. Bg5 Be7 5. Nf3 d6 6. Qc2 O-O 7. e4
Nxe4 8. Nxe4 fxe4 9. Bxe7 Qxe7 10. Qxe4 e5 11. O-O-O Nc6 12. dxe5 Bf5 13. Qe3
dxe5 14. c5 Kh8 15. Bc4 e4 16. Ng5 Ne5 17. Bb3 Rae8 18. Rhe1 Ng4 19. Qf4 Qxc5+
20. Kb1 h6 21. Nf7+ Kh7 22. Rd5 Qb4 23. Qxf5+ g6 24. Qxg4 Qxe1+ 25. Rd1 Qxf2
26. Qd7 Rxf7 27. Bxf7 1-0

[Event "Hazel Park (MCO/1/39)"]
[Site "?"]
[Date "1987.??.??"]
[Round "?"]
[White "Drissman, T.."]
[Black "Proszkow, T.."]
[Result "0-1"]
[WhiteElo "1605"]
[BlackElo "1795"]
[PlyCount "30"]
[EventDate "1987.??.??"]

{1/(39)} 1. e4 c5 2. f4 Nc6 3. Be2 d5 4. Nf3 dxe4 5. Ng5 Nf6 6. Nh3 e5 7. fxe5
Nxe5 8. O-O Bxh3 9. gxh3 Qd4+ 10. Kh1 O-O-O 11. c3 Qd7 12. b3 h6 13. Na3 Qxh3
14. Rg1 Nfg4 15. Bf1 Qxh2# 0-1

[Event "Hazel Park (MCO/5/52)"]
[Site "?"]
[Date "1987.??.??"]
[Round "?"]
[White "Drissman, T.."]
[Black "Haley, J.."]
[Result "0-1"]
[WhiteElo "1605"]
[BlackElo "1605"]
[PlyCount "52"]
[EventDate "1987.??.??"]

{5/(52)} 1. d4 Nf6 2. e3 g6 3. Be2 Bg7 4. Nh3 O-O 5. O-O d5 6. f3 Nc6 7. e4 Nd7
8. exd5 Nxd4 9. c3 Nf5 10. g4 Ne3 11. Bxe3 f5 12. gxf5 Rxf5 13. c4 Ne5 14. f4
Ng4 15. Bc5 Rh5 16. Bxg4 Bxg4 17. Qe1 e5 18. fxe5 Bxh3 19. Rf2 Qg5+ 20. Kh1
Bxe5 21. d6 cxd6 22. Be3 Qg4 23. c5 Re8 24. cxd6 Bd4 25. Bxd4 Rxe1+ 26. Rf1
Qg2# 0-1

[Event "Hazel Park (MCO/6/48)"]
[Site "?"]
[Date "1987.??.??"]
[Round "?"]
[White "Drissman, S.."]
[Black "Miller, Dawn"]
[Result "0-1"]
[WhiteElo "1605"]
[BlackElo "1605"]
[PlyCount "114"]
[EventDate "1987.??.??"]

{6/(48)} 1. e4 e5 2. f3 Nf6 3. Nc3 Nc6 4. Bb5 Bc5 5. Nge2 O-O 6. Na4 Bd4 7. c3
Bb6 8. d4 exd4 9. cxd4 Ba5+ 10. Bd2 Bxd2+ 11. Qxd2 d6 12. d5 Ne7 13. O-O Bd7
14. Qd3 a6 15. Bc4 Bxa4 16. b3 Bb5 17. Bxb5 axb5 18. Qxb5 b6 19. Nc3 Qd7 20.
Qc4 Ra5 21. b4 Raa8 22. a3 c5 23. a4 cxb4 24. Qxb4 Nc8 25. Nb5 Ne8 26. Nc3 Nc7
27. Rab1 Na6 28. Qa3 Nc5 29. Ne2 Rxa4 30. Qb2 Ra5 31. Nc1 b5 32. Nb3 Na4 33.
Qd2 Ra6 34. Rfc1 Nab6 35. Nc5 dxc5 36. Rxc5 Nc4 37. Qb4 Rb6 38. Qc3 Qd6 39. Qd4
Ne7 40. Rd1 Nb2 41. Rd2 Nc4 42. Rd3 Nb2 43. Rc2 Nxd3 44. f4 Nxf4 45. Rd2 b4 46.
Rb2 b3 47. e5 Qg6 48. d6 Rb7 49. Qxf4 Nd5 50. Qd4 Qe6 51. Qe4 Rb4 52. Qe2 Rf4
53. Rxb3 Qf5 54. Rb5 Nc3 55. Qb2 Nxb5 56. Qxb5 Rd4 57. Qc5 Rd1# 0-1

[Event "Hazel Park (MCO/1/49)"]
[Site "?"]
[Date "1987.??.??"]
[Round "?"]
[White "Drissman, S.."]
[Black "Maloy, Mickey"]
[Result "0-1"]
[WhiteElo "1605"]
[BlackElo "1720"]
[PlyCount "22"]
[EventDate "1987.??.??"]

{1/(49)} 1. d4 Nf6 2. e3 g6 3. Nf3 Bg7 4. Nc3 O-O 5. Bc4 d5 6. Bxd5 Nxd5 7.
Nxd5 Qxd5 8. Nd2 Qxg2 9. Rf1 Nc6 10. Nb3 Bh3 11. Bd2 Qxf1# 0-1

[Event "Hazel Park (MCO/5/50)"]
[Site "?"]
[Date "1987.??.??"]
[Round "?"]
[White "Drissman, A.."]
[Black "Turner, Darrell"]
[Result "0-1"]
[WhiteElo "1605"]
[BlackElo "1605"]
[PlyCount "60"]
[EventDate "1987.??.??"]

{5/(50)} 1. e4 e5 2. d4 Nc6 3. dxe5 Nxe5 4. f4 Nc6 5. Nf3 f6 6. e5 fxe5 7. fxe5
Bc5 8. Be2 d6 9. exd6 cxd6 10. h4 Bf5 11. b4 Bxb4+ 12. Bd2 Qf6 13. Nc3 Bxc3 14.
Rc1 O-O-O 15. O-O Qg6 16. Ne1 Bh3 17. Bxc3 Ne5 18. Bd2 h5 19. a4 Nh6 20. a5
Nhg4 21. a6 bxa6 22. Bxa6+ Kd7 23. Bb5+ Kc7 24. Ba5+ Kb7 25. Rb1 Rdf8 26. Ba4+
Ka8 27. Qf3+ Nxf3+ 28. Kh1 Nd4 29. Nf3 Ne3 30. Rfe1 Qxg2# 0-1

[Event "Hazel Park (MCO/6/49)"]
[Site "?"]
[Date "1987.??.??"]
[Round "?"]
[White "Drissman, A.."]
[Black "Drissman, T.."]
[Result "1/2-1/2"]
[WhiteElo "1605"]
[BlackElo "1605"]
[PlyCount "23"]
[EventDate "1987.??.??"]

{6/(49)} 1. e4 e5 2. d4 exd4 3. Qxd4 Qe7 4. Qd1 Qxe4+ 5. Be2 Qe7 6. Nf3 d6 7.
O-O Bg4 8. Nh4 Bc8 9. g3 Bd7 10. Nf3 Na6 11. Bg5 Qe6 12. Nd4 {[Here Black
played the illegal 12...0-0-0.1/2-1/2, 60?]} 1/2-1/2

[Event "Lansing (MI Op/4/30)"]
[Site "?"]
[Date "1987.??.??"]
[Round "?"]
[White "Dmuchowski, Frank"]
[Black "Wysocki, Jason"]
[Result "1/2-1/2"]
[WhiteElo "1775"]
[BlackElo "1930"]
[PlyCount "76"]
[EventDate "1987.??.??"]

{4/(30)} 1. d4 Nf6 2. c4 c5 3. d5 e6 4. Nc3 exd5 5. cxd5 d6 6. e4 g6 7. f4 Bg7
8. Bb5+ Bd7 9. e5 Ng8 10. Nf3 a6 11. Bxd7+ Nxd7 12. e6 fxe6 13. dxe6 Ndf6 14.
O-O Ne7 15. Ng5 O-O 16. Nf7 Rxf7 17. exf7+ Kxf7 18. Qb3+ d5 19. Qxb7 Ng4 20. g3
Bd4+ 21. Kg2 Rb8 22. Qxa6 Nf5 23. Re1 Be3 24. h3 Bxc1 25. Qe6+ Kf8 26. Raxc1
Rxb2+ 27. Re2 Nge3+ 28. Kg1 Rb6 29. Qe5 d4 30. Qxc5+ Kg7 31. Ne4 Rb7 32. Qe5+
Kg8 33. Qe6+ Kg7 34. Qe5+ Kg8 35. g4 Nh4 36. Qe6+ Kg7 37. Qe5+ Kg8 38. Qe6+ Kg7
1/2-1/2

[Event "Lansing (MI Op/3/27)"]
[Site "?"]
[Date "1987.??.??"]
[Round "?"]
[White "Dmuchowski, Frank"]
[Black "Dailey, C.."]
[Result "0-1"]
[WhiteElo "1775"]
[BlackElo "1945"]
[PlyCount "88"]
[EventDate "1987.??.??"]

{3/(27)} 1. d4 d5 2. c4 dxc4 3. Nc3 a6 4. a4 e5 5. Nf3 exd4 6. Qxd4 Qxd4 7.
Nxd4 c5 8. Nf3 Nc6 9. e3 Nb4 10. Rb1 Nd3+ 11. Bxd3 cxd3 12. Ne5 c4 13. Nxc4 Be6
14. Ne5 Rd8 15. Bd2 Nf6 16. O-O Bb3 17. Nf3 Bc5 18. Rbc1 O-O 19. Nb1 Rc8 20.
Nc3 Rfd8 21. Ng5 Bb4 22. Nge4 Nxe4 23. Nxe4 Bxd2 24. Nxd2 Bxa4 25. b3 Bb5 26.
Rfd1 Rc2 27. Nc4 Rc8 28. Rxc2 dxc2 29. Rc1 Bxc4 30. bxc4 Rxc4 31. Kf1 Kf8 32.
Ke2 Ke7 33. Kd3 b5 34. e4 Kd6 35. f4 a5 36. g4 a4 37. h4 a3 38. Rxc2 Rxc2 39.
Kxc2 b4 40. Kb3 Kc5 41. e5 Kd4 42. g5 Ke4 43. h5 Kf5 44. Ka2 g6 0-1

[Event "Lansing (MI Op/7/21)"]
[Site "?"]
[Date "1987.??.??"]
[Round "?"]
[White "Dmuchowski, Frank"]
[Black "Bailey, Greg"]
[Result "0-1"]
[WhiteElo "1775"]
[BlackElo "2010"]
[PlyCount "118"]
[EventDate "1987.??.??"]

{7/(21)} 1. d4 Nf6 2. c4 g6 3. Nc3 Bg7 4. e4 d6 5. Nf3 O-O 6. Be2 c6 7. O-O
Nbd7 8. Ne1 e5 9. d5 Nc5 10. f3 a5 11. a4 Nh5 12. Be3 Nf4 13. Nd3 Qg5 14. Bxf4
exf4 15. Nf2 Be5 16. Re1 h5 17. Nd3 Nxd3 18. Qxd3 h4 19. Bf1 h3 20. Kh1 Kg7 21.
gxh3 Rh8 22. Qe2 Bxh3 23. Bxh3 Rxh3 24. Rg1 Qh5 25. Raf1 Rh8 26. Rg2 Bf6 27.
Nd1 Rg3 28. Rff2 c5 29. Rxg3 fxg3 30. Rg2 Be5 31. Ne3 Qxh2+ 32. Rxh2 Rxh2+ 33.
Qxh2 gxh2 34. b3 Bf4 35. Ng2 Bg3 36. Ne3 Kf6 37. Ng4+ Kg5 38. Nxh2 Bxh2 39.
Kxh2 Kf4 40. Kg2 f6 41. Kf2 f5 42. exf5 gxf5 43. Ke2 Kg3 44. Ke3 f4+ 45. Ke4 b6
46. Kf5 Kxf3 47. Ke6 Kg3 48. Kxd6 f3 49. Kc7 f2 50. Kxb6 f1=Q 51. Kxc5 Qf8+ 52.
d6 Kf4 53. Kc6 Qc8+ 54. Kb6 Qd8+ 55. Kb5 Ke5 56. c5 Kd5 57. b4 axb4 58. Kxb4
Qb8+ 59. Ka5 Kxc5 0-1

[Event "Hazel Park (MCO/5/24)"]
[Site "?"]
[Date "1987.??.??"]
[Round "?"]
[White "DeJongh, John"]
[Black "Turner, Darrell"]
[Result "1-0"]
[WhiteElo "1700"]
[BlackElo "1905"]
[PlyCount "115"]
[EventDate "1987.??.??"]

{5/(24)} 1. d4 Nf6 2. c4 c5 3. Nf3 cxd4 4. Nxd4 e6 5. Nc3 Bb4 6. Bd2 Qb6 7. Nf3
d5 8. e3 Nc6 9. Qc2 d4 10. exd4 Nxd4 11. Nxd4 Qxd4 12. Qa4+ Bd7 13. Qxb4 Ng4
14. Nd1 Bc6 15. Be3 Qe4 16. Qc3 Ne5 17. Qd4 Qf5 18. Qf4 Nd3+ 19. Bxd3 Qxd3 20.
Qd4 Qg6 21. f3 Rd8 22. Qg4 Qf6 23. O-O O-O 24. Bg5 Qd4+ 25. Qxd4 Rxd4 26. b3 f6
27. Be3 Rd3 28. Bxa7 Ra8 29. Bc5 Rad8 30. Nf2 Rc3 31. Ne4 Rc2 32. Nd6 b6 33.
Bxb6 Rxd6 34. Rf2 Rc3 35. c5 Rd7 36. b4 Ra3 37. Rb2 Bb5 38. Rc1 Rad3 39. Rbb1
Rd2 40. c6 Bxc6 41. Rxc6 Rxa2 42. Rxe6 Rdd2 43. Kf1 Rxg2 44. b5 Kf7 45. Re4
Rxh2 46. Bg1 Rh3 47. Re3 Ra7 48. b6 Rb7 49. Rbe1 g5 50. Kg2 Rh4 51. Ra3 Kg6 52.
Ra7 Rb8 53. Rb1 g4 54. b7 gxf3+ 55. Kxf3 Rh3+ 56. Kg2 Rd3 57. Ra8 Rdd8 58. Rxb8
1-0

[Event "Hazel Park (MCO/1/3)"]
[Site "?"]
[Date "1987.??.??"]
[Round "?"]
[White "DeJongh, John"]
[Black "Thompson, Dexter"]
[Result "0-1"]
[WhiteElo "1700"]
[BlackElo "2300"]
[PlyCount "70"]
[EventDate "1987.??.??"]

{1/(3)} 1. d4 d5 2. c4 c6 3. Nc3 e6 4. Nf3 dxc4 5. e4 b5 6. a3 Nf6 7. g3 Bb7 8.
Bg2 a6 9. O-O Be7 10. Bd2 c5 11. dxc5 Nxe4 12. Nxe4 Bxe4 13. Bc3 O-O 14. Re1
Bb7 15. Qd4 Qxd4 16. Bxd4 Nd7 17. Ne5 Bxg2 18. Nxd7 Rfd8 19. Kxg2 Rxd7 20. Be3
Rc8 21. Rad1 Rxd1 22. Rxd1 Kf8 23. Rd7 Bxc5 24. Bxc5+ Rxc5 25. Ra7 Rc6 26. Kf1
Rd6 27. Ke2 g5 28. h3 h5 29. Rc7 Kg7 30. Ra7 Kg6 31. Rc7 h4 32. gxh4 gxh4 33.
Rc8 Rd3 34. Rg8+ Kh7 35. Rf8 Kg7 0-1

[Event "Hazel Park (MCO/3/22)"]
[Site "?"]
[Date "1987.??.??"]
[Round "?"]
[White "DeJongh, John"]
[Black "Bolda, Dan H"]
[Result "1-0"]
[WhiteElo "1700"]
[BlackElo "1910"]
[PlyCount "59"]
[EventDate "1987.??.??"]

{3/(22)} 1. d4 Nf6 2. c4 d6 3. Nc3 g6 4. e4 Bg7 5. Nf3 O-O 6. h3 Nbd7 7. Be3 e5
8. d5 Nc5 9. Qc2 Nh5 10. b4 Na6 11. a3 f5 12. exf5 Bxf5 13. Qd2 e4 14. Nd4 Qf6
15. g4 Bd7 16. gxh5 c5 17. bxc5 dxc5 18. Nde2 Ba4 19. hxg6 hxg6 20. Rb1 Be8 21.
Nxe4 Qf3 22. N2g3 Ba4 23. Be2 Qg2 24. Ng5 Be5 25. Bf1 Qxg3 26. fxg3 Bxg3+ 27.
Ke2 Rae8 28. Ne6 Rf6 29. Qc3 Kf7 30. Rxb7+ 1-0

[Event "Lincolnwood Midwest Masters"]
[Site "?"]
[Date "1987.??.??"]
[Round "1"]
[White "DeFotis, G.."]
[Black "Quigley, L.."]
[Result "1/2-1/2"]
[WhiteElo "2405"]
[BlackElo "2225"]
[PlyCount "112"]
[EventDate "1987.??.??"]

1. d4 Nf6 2. g3 e6 3. Bg2 c5 4. Nf3 Qa5+ 5. Nbd2 cxd4 6. O-O Nc6 7. Nb3 Qc7 8.
Nbxd4 a6 9. b3 Be7 10. Bb2 O-O 11. c4 Rd8 12. Qc2 d6 13. Nxc6 bxc6 14. e4 Bb7
15. Rfe1 c5 16. e5 Ne8 17. Rad1 h6 18. Qc3 dxe5 19. Nxe5 Bxg2 20. Kxg2 Bf6 21.
f4 Nd6 22. g4 Ne8 23. Qf3 Rxd1 24. Rxd1 Rd8 25. Rd3 Rxd3 26. Qxd3 Qd6 27. Qxd6
Nxd6 28. Ba3 Nb7 29. Nd7 Bd4 30. h3 f6 31. Nb8 a5 32. Nc6 Bc3 33. Bc1 Kf7 34.
Be3 Ke8 35. Na7 Kd7 36. Nb5 Bb2 37. Kf3 Kc6 38. Ke4 g6 39. Kd3 f5 40. Bd2 Kb6
41. Ke2 Nd8 42. Nc3 Bxc3 43. Bxc3 fxg4 44. hxg4 Nc6 45. Ke3 Kc7 46. Ke4 Kb6 47.
Be1 Kc7 48. a3 Kd6 49. Bf2 h5 50. gxh5 gxh5 51. Kd3 Ne7 52. Be1 Nc6 53. Bg3 Kd7
54. Bf2 Kd6 55. Ke4 Ne7 56. Bg3 Kd7 1/2-1/2

[Event "Hazel Park (MCO/5/33)"]
[Site "?"]
[Date "1987.??.??"]
[Round "?"]
[White "Dautremont, J.."]
[Black "Jonik, Henry"]
[Result "1-0"]
[WhiteElo "1605"]
[BlackElo "1710"]
[PlyCount "57"]
[EventDate "1987.??.??"]

{5/(33)} 1. e4 g5 2. Nc3 e6 3. Be2 h6 4. d3 Bg7 5. f4 gxf4 6. Bxf4 Ne7 7. Bh5
d6 8. Nf3 Nd7 9. O-O Nf6 10. Nh4 O-O 11. g3 Kh7 12. Be2 Bd7 13. Qd2 Neg8 14. d4
Ne8 15. Nf3 a6 16. Rf2 Qe7 17. e5 d5 18. g4 Kh8 19. h4 f6 20. Rh2 Qf7 21. Kh1
fxe5 22. Bxe5 Ngf6 23. Rg1 Nd6 24. h5 Nde4 25. Nxe4 Nxe4 26. Qe3 Rg8 27. g5 Qe7
28. g6 Bb5 29. Qxh6# 1-0

[Event "Hazel Park (MCO/6/20)"]
[Site "?"]
[Date "1987.??.??"]
[Round "?"]
[White "Dautremont, J.."]
[Black "Brady, Lindell"]
[Result "0-1"]
[WhiteElo "1605"]
[BlackElo "1875"]
[PlyCount "47"]
[EventDate "1987.??.??"]

{6/(20)} 1. e4 e5 2. Nf3 Nc6 3. d3 Nf6 4. c4 h6 5. a3 a5 6. Nc3 Bc5 7. Ne2 O-O
8. Bd2 b6 9. Qc1 Ng4 10. Be3 Nxe3 11. fxe3 Qf6 12. Ng3 h5 13. Be2 Qh6 14. Nf5
Qf6 15. O-O g6 16. Ng3 Qg7 17. d4 exd4 18. Nh4 dxe3 19. Kh1 d6 20. Nxh5 gxh5
21. Bxh5 Ne7 22. Qe1 Be6 23. Nf5 Bxf5 24. exf5 {[Remainder illegible; 0-1, 31?]
} 0-1